[Event "NOR-ch Rapid"]
[Site "Bergen"]
[Date "2024.01.14"]
[Round "9"]
[White "Fossan, Petter"]
[Black "Brodtkorb, Lars Johan"]
[Result "1/2-1/2"]
[WhiteElo "2277"]
[BlackElo "2088"]
[PlyCount "104"]
[EventDate "2024.01.13"]
[EventType "swiss (rapid)"]
[EventRounds "10"]
[EventCountry "NOR"]
[SourceTitle "CB03_2024"]
[SourceDate "2024.01.17"]
[SourceVersion "1"]
[SourceVersionDate "2024.01.17"]
[SourceQuality "1"]

1. e4 c5 2. Nf3 Nc6 3. c3 Nf6 4. e5 Nd5 5. d4 cxd4 6. cxd4 d6 7. Bc4 Nb6 8. Bb5 Bd7 9. exd6 e6 10. Bg5 Qb8 11. a4 Bxd6 12. 0-0 0-0 13. Nc3 h6 14. Bh4 Ne7 15. Bxd7 Nxd7 16. Bg3 Bxg3 17. hxg3 Nf6 18. Qb3 Rd8 19. Rad1 Ned5 20. Rfe1 Qc7 21. Nb5 Qe7 22. Rc1 a6 23. Na3 Rac8 24. Rc4 Rxc4 25. Qxc4 Qb4 26. Qxb4 Nxb4 27. Rc1 Nc6 28. Rc4 Nd7 29. a5 Nf6 30. b4 Nd5 31. Nc2 Na7 32. Kf1 Nb5 33. Ke2 Nd6 34. Rc5 Ne4 35. Rc4 Nd6 36. Rc5 f6 37. Kd3 Kf8 38. Nd2 Ke7 39. Nc4 Nxc4 40. Kxc4 Rd7 41. b5 b6 42. axb6 Nxb6+ 43. Kb4 axb5 44. Kxb5 Nd5 45. Kc4 Nc7 46. Ne3 Ne8 47. d5 Nd6+ 48. Kd3 Nb7 49. Rb5 Nd6 50. dxe6 Kxe6 51. Rb6 Kf7 52. Ke2 Ne4 1/2-1/2

[Event "NOR-ch Rapid"]
[Site "Bergen"]
[Date "2024.01.13"]
[Round "5"]
[White "Fossan, Petter"]
[Black "Elsness, Frode"]
[Result "1-0"]
[WhiteElo "2277"]
[BlackElo "2436"]
[PlyCount "71"]
[EventDate "2024.01.13"]
[EventType "swiss (rapid)"]
[EventRounds "10"]
[EventCountry "NOR"]
[SourceTitle "CB03_2024"]
[SourceDate "2024.01.17"]
[SourceVersion "1"]
[SourceVersionDate "2024.01.17"]
[SourceQuality "1"]

1. e4 e5 2. Nf3 Nc6 3. Bc4 Nf6 4. d3 Bc5 5. 0-0 d6 6. Nc3 Bg4 7. Be3 Nd4 8. Bxd4 Bxd4 9. Rb1 Qd7 10. Nd5 Nxd5 11. Bxd5 c6 12. Bb3 Bb6 13. a4 0-0 14. Qe2 Kh8 15. h3 Bxf3 16. Qxf3 f5 17. Qe2 Rf6 18. Kh2 Raf8 19. f3 f4 20. c3 Be3 21. Qc2 Rh6 22. Rfe1 Rff6 23. Re2 Rxh3+ 24. gxh3 Rh6 25. Kh1 Rxh3+ 26. Rh2 Rxf3 27. Qe2 Rh3 28. Rf1 g5 29. Rf3 Rxf3 30. Qxf3 g4 31. Qe2 Bb6 32. d4 exd4 33. Qd2 f3 34. Qf4 Qg7 35. Rh5 dxc3 36. Rf5 1-0

[Event "NOR-ch Rapid"]
[Site "Bergen"]
[Date "2024.01.13"]
[Round "3"]
[White "Fossan, Petter"]
[Black "Evenshaug, Amadeus Hestvik"]
[Result "1-0"]
[WhiteElo "2277"]
[BlackElo "2040"]
[PlyCount "115"]
[EventDate "2024.01.13"]
[EventType "swiss (rapid)"]
[EventRounds "10"]
[EventCountry "NOR"]
[SourceTitle "CB03_2024"]
[SourceDate "2024.01.17"]
[SourceVersion "1"]
[SourceVersionDate "2024.01.17"]
[SourceQuality "1"]

1. e4 c5 2. Nf3 e6 3. c3 d5 4. exd5 Qxd5 5. d4 Nf6 6. Be2 Be7 7. 0-0 Nc6 8. c4 Qd8 9. dxc5 Qxd1 10. Rxd1 Bxc5 11. Nc3 0-0 12. a3 a5 13. Bg5 e5 14. Na4 Ne4 15. Nxc5 Nxc5 16. b4 axb4 17. axb4 Rxa1 18. Rxa1 Nb3 19. Ra8 e4 20. Nd2 Nbd4 21. Bf1 Bf5 22. Rxf8+ Kxf8 23. b5 Ne5 24. c5 Nd7 25. Bf4 Ke8 26. Bd6 Nf6 27. Bc4 Bd7 28. c6 bxc6 29. b6 Bc8 30. Be5 e3 31. fxe3 Nc2 32. Bxf6 gxf6 33. Kf2 Na3 34. Bd3 Kd8 35. Ne4 Bf5 36. Ke2 Bxe4 37. Bxe4 Nc4 38. b7 Kc7 39. Bxc6 Na5 40. Bd5 Nxb7 41. Bxb7 Kxb7 42. Kf3 Kc6 43. Kf4 Kd6 44. Kf5 Ke7 45. e4 Kf8 46. Kxf6 Kg8 47. g4 Kf8 48. e5 Kg8 49. g5 Kf8 50. h4 Kg8 51. Ke7 Kg7 52. h5 Kg8 53. g6 hxg6 54. hxg6 f5 55. Kf6 f4 56. e6 Kf8 57. g7+ Kg8 58. e7 1-0

[Event "NOR-ch Rapid"]
[Site "Drammen"]
[Date "2023.01.07"]
[Round "5"]
[White "Fossan, Petter"]
[Black "Brattgjerd, Isak Vinh"]
[Result "0-1"]
[WhiteElo "2283"]
[BlackElo "1914"]
[PlyCount "118"]
[EventDate "2023.01.07"]
[EventType "swiss (rapid)"]
[EventRounds "10"]
[EventCountry "NOR"]
[SourceTitle "CBM 212 Extra"]
[Source "ChessBase"]
[SourceDate "2023.03.31"]
[SourceVersion "1"]
[SourceVersionDate "2023.03.31"]
[SourceQuality "1"]

1. e4 c6 2. d4 d5 3. exd5 cxd5 4. c4 Nf6 5. Nc3 Nc6 6. Bg5 Be6 7. c5 g6 8. Nf3 Bg7 9. Bb5 0-0 10. 0-0 Bg4 11. Bxc6 bxc6 12. Re1 Re8 13. h3 Bf5 14. Bf4 Qc8 15. Qa4 Qb7 16. b4 Nd7 17. b5 Nxc5 18. bxc6 Qc8 19. Qb5 Nd3 20. Bg3 Nxe1 21. Rxe1 e6 22. Na4 Be4 23. Ne5 Rb8 24. Qa5 Re7 25. Nd7 Ra8 26. Qc5 Rxd7 27. cxd7 Qxd7 28. Qb4 a5 29. Qb3 Bxd4 30. Nb6 Bxb6 31. Qxb6 Qd8 32. Bc7 Qg5 33. Bg3 h5 34. h4 Qg4 35. Rc1 e5 36. Qf6 Qe6 37. Bxe5 Qxf6 38. Bxf6 Bf5 39. Rc5 Be6 40. a3 a4 41. Rb5 Kh7 42. Kh2 g5 43. hxg5 Kg6 44. f4 Rc8 45. Ra5 Rc4 46. g3 Kf5 47. Ra8 Kg4 48. Rb8 Rc2+ 49. Kg1 Kxg3 50. Kf1 Bg4 51. Ke1 Re2+ 52. Kf1 Rd2 53. Bc3 Ra2 54. Be1+ Kh2 55. Bb4 Kg3 56. Be1+ Kf3 57. Rd8 Ra1 58. Re8 h4 59. f5 Bxf5 0-1

[Event "NOR-chT Elite 2122"]
[Site "Norway"]
[Date "2021.10.31"]
[Round "3.5"]
[White "Fossan, Petter"]
[Black "Harestad, Hans Krogh"]
[Result "1/2-1/2"]
[WhiteElo "2280"]
[BlackElo "2206"]
[PlyCount "41"]
[EventDate "2021.10.28"]
[EventType "team-tourn"]
[EventRounds "9"]
[EventCountry "NOR"]
[SourceTitle "CBM 204 Extra"]
[Source "ChessBase"]
[SourceDate "2021.11.30"]
[SourceVersion "1"]
[SourceVersionDate "2021.11.30"]
[SourceQuality "1"]
[WhiteTeam "Stavanger"]
[BlackTeam "SOSS"]
[WhiteTeamCountry "NOR"]
[BlackTeamCountry "NOR"]

1. e4 e5 2. Nf3 d6 3. Bc4 Be7 4. d4 exd4 5. Nxd4 Nf6 6. Nc3 0-0 7. 0-0 c6 8. a4 Nxe4 9. Nxe4 d5 10. Bd3 dxe4 11. Bxe4 Na6 12. c3 Nc5 13. Bc2 Qc7 14. Nf5 Bxf5 15. Bxf5 Rad8 16. Qc2 g6 17. Bg4 Rfe8 18. Be3 Bd6 19. h3 Ne4 20. Rfe1 Bc5 21. Bxc5 1/2-1/2

[Event "NOR-chT Elite 2122"]
[Site "Norway"]
[Date "2021.10.29"]
[Round "1.5"]
[White "Fossan, Petter"]
[Black "Nordquelle, Daniel"]
[Result "1-0"]
[WhiteElo "2280"]
[BlackElo "2143"]
[PlyCount "61"]
[EventDate "2021.10.28"]
[EventType "team-tourn"]
[EventRounds "9"]
[EventCountry "NOR"]
[SourceTitle "CBM 204 Extra"]
[Source "ChessBase"]
[SourceDate "2021.11.30"]
[SourceVersion "1"]
[SourceVersionDate "2021.11.30"]
[SourceQuality "1"]
[WhiteTeam "Stavanger"]
[BlackTeam "Nordstrand"]
[WhiteTeamCountry "NOR"]
[BlackTeamCountry "NOR"]

1. e4 c5 2. c3 d5 3. exd5 Qxd5 4. d4 Nc6 5. Nf3 Bf5 6. Be2 cxd4 7. cxd4 Bxb1 8. Rxb1 e6 9. 0-0 Bd6 10. b4 Qxa2 11. Rb2 Qd5 12. b5 Nce7 13. Qa4 Nf6 14. b6+ Nc6 15. Rb5 Qe4 16. Re1 Nd7 17. Bd1 Qg6 18. Bc2 f5 19. Bxf5 Qf7 20. Rxe6+ Be7 21. Re1 Rf8 22. Bxd7+ Kxd7 23. d5 axb6 24. dxc6+ Kc7 25. Bf4+ Qxf4 26. Rxe7+ Kd6 27. Qxf4+ Rxf4 28. Re1 bxc6 29. Rxb6 Kc7 30. Reb1 Ra1 31. Rxc6+ 1-0

[Event "Bergen Grand Prix"]
[Site "Bergen"]
[Date "2019.11.17"]
[Round "5"]
[White "Fossan, Aleksander"]
[Black "Fossan, Petter"]
[Result "1/2-1/2"]
[WhiteElo "2179"]
[BlackElo "2315"]
[PlyCount "114"]
[EventDate "2019.11.15"]
[EventType "swiss"]
[EventRounds "5"]
[EventCountry "NOR"]
[SourceTitle "CBM 193 Extra"]
[Source "ChessBase"]
[SourceDate "2020.01.31"]
[SourceVersion "1"]
[SourceVersionDate "2020.01.31"]
[SourceQuality "1"]

1. e4 c5 2. c3 g6 3. d4 cxd4 4. cxd4 d5 5. exd5 Nf6 6. Nc3 Bg7 7. Qb3 0-0 8. Be2 Nbd7 9. Bf3 Nb6 10. Nge2 Bf5 11. 0-0 Qd7 12. Re1 Bd3 13. Nf4 Bc4 14. Qb4 Rfe8 15. a4 Bf8 16. Qa5 Red8 17. d6 exd6 18. Qg5 Bg7 19. a5 Nc8 20. a6 d5 21. Nfxd5 Nxd5 22. axb7 Rb8 23. bxc8Q Rbxc8 24. Nxd5 Bxd5 25. Re7 Re8 26. Rxe8+ Rxe8 27. Be3 Bxf3 28. gxf3 Bxd4 29. Bxd4 Qxd4 30. Qg4 Qc5 31. b4 Qc7 32. Qd4 Re7 33. Kg2 Qb6 34. Qxb6 axb6 35. Ra8+ Kg7 36. Rb8 Re6 37. Rb7 h5 38. f4 Kf6 39. Kg3 Rd6 40. Kh4 Ke6 41. f5+ Kf6 42. fxg6 fxg6 43. b5 Kf5 44. Rf7+ Ke6 45. Rg7 Kf6 46. Rb7 Kf5 47. Rf7+ Rf6 48. Rb7 Kf4 49. Rb8 Kf3 50. Kg5 Rf5+ 51. Kxg6 Rxb5 52. Rh8 Kxf2 53. h4 Kg3 54. Rxh5 Rb4 55. Rh8 Rg4+ 56. Kf6 Rxh4 57. Rxh4 Kxh4 1/2-1/2

[Event "Bergen Grand Prix"]
[Site "Bergen"]
[Date "2019.11.17"]
[Round "4"]
[White "Fossan, Petter"]
[Black "Haldorsen, Benjamin"]
[Result "0-1"]
[WhiteElo "2315"]
[BlackElo "2443"]
[PlyCount "112"]
[EventDate "2019.11.15"]
[EventType "swiss"]
[EventRounds "5"]
[EventCountry "NOR"]
[SourceTitle "CBM 193 Extra"]
[Source "ChessBase"]
[SourceDate "2020.01.31"]
[SourceVersion "1"]
[SourceVersionDate "2020.01.31"]
[SourceQuality "1"]

1. e4 e5 2. Nf3 Nc6 3. Bc4 Nf6 4. d3 h6 5. a4 d6 6. 0-0 g5 7. c3 Bg7 8. a5 a6 9. Nbd2 0-0 10. Qb3 Nh5 11. Kh1 Nf4 12. Ng1 Qe7 13. Ndf3 Kh8 14. Be3 f5 15. g3 Ng6 16. exf5 Rxf5 17. Bd5 Qe8 18. Qc2 Rf8 19. Ne1 Nce7 20. Bg2 Nf5 21. Bd2 c6 22. Ne2 Be6 23. Ra4 Qf7 24. c4 Rae8 25. Rb4 Bf6 26. b3 Nd4 27. Qd1 Bg4 28. f3 Bc8 29. Ra4 Nxe2 30. Qxe2 h5 31. Kg1 h4 32. Nc2 hxg3 33. hxg3 Ne7 34. Ne3 Nf5 35. Nxf5 Bxf5 36. Be3 Qg6 37. Rd1 g4 38. fxg4 Bxg4 39. Bf3 Bxf3 40. Qxf3 Bh4 41. Qg2 Qg4 42. Re1 Rg8 43. Re2 Qxg3 44. Qxg3 Bxg3 45. Rg2 Ref8 46. Raa2 Rf3 47. Rae2 d5 48. d4 e4 49. cxd5 cxd5 50. b4 Rc8 51. Bg5 Rc4 52. Rc2 Rxb4 53. Rgd2 Rf5 54. Be7 Rb1+ 55. Kg2 e3 56. Re2 Bf2 0-1

[Event "NOR-ch Seniors 50"]
[Site "Larvik"]
[Date "2019.07.05"]
[Round "1"]
[White "Fossan, Petter"]
[Black "Wiig, Ole Martin"]
[Result "1-0"]
[WhiteElo "2295"]
[BlackElo "1816"]
[PlyCount "53"]
[EventDate "2019.07.05"]
[EventType "swiss"]
[EventRounds "9"]
[EventCountry "NOR"]
[SourceTitle "EXT 2024"]
[Source "ChessBase"]
[SourceDate "2023.10.10"]
[SourceVersion "1"]
[SourceVersionDate "2023.10.10"]
[SourceQuality "1"]

1. e4 c5 2. Nf3 Nc6 3. c3 d6 4. d4 Nf6 5. Be2 cxd4 6. cxd4 e6 7. Nc3 a6 8. 0-0 Be7 9. h3 0-0 10. a3 b6 11. Bd3 Qc7 12. Be3 Bb7 13. Rc1 Qb8 14. Re1 Nd7 15. Bb1 Bd8 16. Qc2 g6 17. Ba2 Re8 18. d5 Nce5 19. Nd4 exd5 20. Nxd5 Nc5 21. Rcd1 Ne6 22. f4 Nxd4 23. Bxd4 Nd7 24. Qb3 Nc5 25. Bxc5 bxc5 26. Nf6+ Bxf6 27. Qxf7+ 1-0

[Event "NOR-chT 1718"]
[Site "Norway"]
[Date "2017.11.05"]
[Round "3.2"]
[White "Fossan, Petter"]
[Black "Urkedal, Frode Olav Olsen"]
[Result "0-1"]
[WhiteElo "2304"]
[BlackElo "2571"]
[PlyCount "70"]
[EventDate "2017.11.03"]
[EventType "team-tourn"]
[EventRounds "9"]
[EventCountry "NOR"]
[SourceTitle "CBM 181 Extra"]
[Source "ChessBase"]
[SourceDate "2017.12.12"]
[SourceVersion "1"]
[SourceVersionDate "2017.12.12"]
[SourceQuality "1"]
[WhiteTeam "Stavanger"]
[BlackTeam "Oslo SK 1911"]
[WhiteTeamCountry "NOR"]
[BlackTeamCountry "NOR"]

1. e4 e5 2. Nf3 Nc6 3. Bc4 Bc5 4. c3 Nf6 5. d3 d6 6. a4 a5 7. 0-0 0-0 8. Na3 Ne7 9. Bg5 Ng6 10. Nh4 Nxh4 11. Bxh4 h6 12. Nc2 Be6 13. Ba2 Bxa2 14. Rxa2 Qe7 15. Ra1 Qe6 16. Ne3 Bxe3 17. Bxf6 Bb6 18. Bh4 f5 19. exf5 Rxf5 20. Kh1 g5 21. Bg3 Raf8 22. Qg4 Qf7 23. Qe4 h5 24. f3 g4 25. Qxb7 d5 26. c4 gxf3 27. Qxd5 Qxd5 28. cxd5 f2 29. Rac1 Rd8 30. Rc2 Rxd5 31. Bxf2 Rxd3 32. Kg1 Rxf2 33. Rcxf2 Rd2 34. b3 h4 35. h3 Bd4 0-1

[Event "Helsingor Xtracon op"]
[Site "Helsingor"]
[Date "2017.07.27"]
[Round "7"]
[White "Fossan, Petter"]
[Black "Celander, Jesper"]
[Result "1-0"]
[WhiteElo "2301"]
[BlackElo "2127"]
[PlyCount "75"]
[EventDate "2017.07.22"]
[EventType "swiss"]
[EventRounds "10"]
[EventCountry "DEN"]
[SourceTitle "CBM 179 Extra"]
[Source "ChessBase"]
[SourceDate "2017.08.23"]
[SourceVersion "1"]
[SourceVersionDate "2017.08.23"]
[SourceQuality "1"]

1. e4 c6 2. d4 d5 3. Nc3 dxe4 4. Nxe4 Nf6 5. Nxf6+ gxf6 6. Nf3 Na6 7. Bf4 Bg4 8. c3 Nc7 9. h3 Bxf3 10. Qxf3 Qd7 11. Bc4 Nd5 12. Bd2 Qe6+ 13. Be2 f5 14. g4 fxg4 15. hxg4 Nb6 16. Qe3 Qd5 17. Rh5 Qd7 18. 0-0-0 0-0-0 19. Qe5 f6 20. Qe4 Nd5 21. Bc4 Nc7 22. Rdh1 h6 23. f3 a6 24. Bf4 b5 25. Bb3 a5 26. a4 e5 27. dxe5 fxe5 28. Rd1 Nd5 29. Qxe5 Bd6 30. Qxd6 Qxd6 31. Bxd6 Rxd6 32. Bxd5 cxd5 33. Rdxd5 Rxd5 34. Rxd5 bxa4 35. Rxa5 a3 36. Rxa3 Kb7 37. Ra5 Kc6 38. Rh5 1-0

[Event "Helsingor Xtracon op"]
[Site "Helsingor"]
[Date "2017.07.22"]
[Round "1"]
[White "Fossan, Petter"]
[Black "Frederiksen Kristian, Pade"]
[Result "1-0"]
[WhiteElo "2301"]
[BlackElo "1783"]
[PlyCount "57"]
[EventDate "2017.07.22"]
[EventType "swiss"]
[EventRounds "10"]
[EventCountry "DEN"]
[SourceTitle "CBM 179 Extra"]
[Source "ChessBase"]
[SourceDate "2017.08.23"]
[SourceVersion "1"]
[SourceVersionDate "2017.08.23"]
[SourceQuality "1"]

1. e4 e5 2. Nf3 Nc6 3. Bc4 Nf6 4. d3 Be7 5. 0-0 0-0 6. Re1 d6 7. c3 Na5 8. Bb5 a6 9. Ba4 c5 10. Nbd2 Nc6 11. Nf1 Qc7 12. Ng3 Be6 13. Qe2 Nd7 14. Ng5 Bxg5 15. Bxg5 f6 16. Be3 b5 17. Bc2 d5 18. exd5 Bxd5 19. Qg4 Ne7 20. Nh5 Rf7 21. f4 f5 22. Qg3 Nf6 23. Nxf6+ Rxf6 24. Qf2 Rg6 25. g3 exf4 26. Bxf4 Qb7 27. Re5 c4 28. Rae1 Ra7 29. Rxe7 1-0

[Event "NOR-chT 1617"]
[Site "Norway"]
[Date "2016.10.29"]
[Round "2.3"]
[White "Machlik, Endre"]
[Black "Fossan, Petter"]
[Result "0-1"]
[WhiteElo "2256"]
[BlackElo "2307"]
[PlyCount "94"]
[EventDate "2016.10.28"]
[EventType "team-tourn"]
[EventRounds "9"]
[EventCountry "NOR"]
[SourceTitle "EXT 2018"]
[Source "ChessBase"]
[SourceDate "2017.10.13"]
[SourceVersion "1"]
[SourceVersionDate "2017.10.13"]
[SourceQuality "1"]
[WhiteTeam "Tromsoe"]
[BlackTeam "Stavanger"]
[WhiteTeamCountry "NOR"]
[BlackTeamCountry "NOR"]

1. d4 Nf6 2. c4 g6 3. Nc3 Bg7 4. g3 0-0 5. Bg2 d6 6. Nf3 c5 7. d5 Na6 8. 0-0 Nc7 9. h3 Rb8 10. a4 b6 11. e4 a6 12. e5 Nfe8 13. Re1 b5 14. Bg5 f6 15. exf6 exf6 16. Bc1 Rf7 17. axb5 axb5 18. Qe2 Bd7 19. Ra7 bxc4 20. Nd2 Bh6 21. Nxc4 Bxc1 22. Rxc1 Re7 23. Qd2 Rb4 24. Na2 Rb5 25. Nc3 Rb4 26. Na2 Rb3 27. Na5 Qb8 28. Nxb3 Qxa7 29. Qa5 Qxa5 30. Nxa5 Re2 31. Nc4 Bb5 32. Ne3 Rxb2 33. Nc3 Bd3 34. Be4 Ba6 35. h4 f5 36. Bf3 Kf7 37. h5 Nf6 38. hxg6+ hxg6 39. Kg2 Nd7 40. Rh1 Kg7 41. Ra1 Ne5 42. Ra3 Kf6 43. g4 Kg5 44. gxf5 gxf5 45. Ra1 Rb3 46. Rc1 Nd3 47. Bd1 Nxc1 0-1

[Event "Helsingor Xtracon op"]
[Site "Helsingor"]
[Date "2016.07.29"]
[Round "8"]
[White "Schandorff, Lars"]
[Black "Fossan, Petter"]
[Result "1/2-1/2"]
[WhiteElo "2521"]
[BlackElo "2303"]
[PlyCount "95"]
[EventDate "2016.07.23"]
[EventType "swiss"]
[EventRounds "10"]
[EventCountry "DEN"]
[SourceTitle "CBM 173 Extra"]
[Source "ChessBase"]
[SourceDate "2016.08.29"]
[SourceVersion "1"]
[SourceVersionDate "2016.08.29"]
[SourceQuality "1"]

1. d4 Nf6 2. c4 g6 3. Nc3 Bg7 4. e4 d6 5. Be2 0-0 6. Be3 e5 7. d5 a5 8. g4 Na6 9. g5 Ne8 10. h4 f5 11. gxf6 Nxf6 12. h5 Qe8 13. hxg6 Qxg6 14. Bh5 Nxh5 15. Qxh5 Bg4 16. Qxg6 hxg6 17. Kd2 Kf7 18. Nh3 Bxh3 19. Rxh3 Rh8 20. Rf3+ Ke7 21. Rg1 Raf8 22. Rxf8 Kxf8 23. Rxg6 Kf7 24. Rg1 Rh4 25. a3 Bh6 26. Bxh6 Rxh6 27. Ne2 Nc5 28. Ke3 a4 29. Ng3 Rh4 30. Rh1 Rxh1 31. Nxh1 Kf6 32. f3 Kg5 33. Ng3 Nb3 34. Ne2 Na5 35. Kd3 Nb3 36. Kc3 Nc5 37. Kc2 Nb3 38. Kd3 Na5 39. Nc3 Kf4 40. Nxa4 Nb3 41. Kc3 Nd4 42. b4 Nxf3 43. Kd3 Ne1+ 44. Ke2 Nc2 45. Nc3 Nxa3 46. Kd3 b5 47. cxb5 Kf3 48. b6 1/2-1/2

[Event "Helsingor Xtracon op"]
[Site "Helsingor"]
[Date "2016.07.27"]
[Round "6"]
[White "Fossan, Petter"]
[Black "Vorobiov, Evgeny E"]
[Result "0-1"]
[WhiteElo "2303"]
[BlackElo "2584"]
[PlyCount "80"]
[EventDate "2016.07.23"]
[EventType "swiss"]
[EventRounds "10"]
[EventCountry "DEN"]
[SourceTitle "CBM 173 Extra"]
[Source "ChessBase"]
[SourceDate "2016.08.29"]
[SourceVersion "1"]
[SourceVersionDate "2016.08.29"]
[SourceQuality "1"]

1. e4 c5 2. c3 d5 3. exd5 Qxd5 4. d4 Nc6 5. Nf3 Bf5 6. dxc5 Qxd1+ 7. Kxd1 e5 8. Be3 0-0-0+ 9. Nbd2 Nf6 10. Bb5 Nd5 11. Ke2 Nxe3 12. fxe3 Bxc5 13. Bxc6 bxc6 14. e4 Bg6 15. g4 f6 16. Nh4 Bf7 17. Nf5 Be6 18. h3 g6 19. Ne3 h5 20. Ndc4 Kc7 21. a3 Bxe3 22. Nxe3 Bb3 23. Raf1 Rd6 24. Rfg1 Rhd8 25. gxh5 gxh5 26. Rg7+ Kb6 27. Kf3 Rd2 28. c4 R8d3 29. c5+ Ka6 30. Re1 f5 31. Rg2 f4 32. Rxd2 Rxd2 33. Nf5 Bd1+ 34. Rxd1 Rxd1 35. Ne7 Rd3+ 36. Kf2 Kb5 37. Ng6 Rxh3 38. Nxe5 Rb3 39. Ng6 Kxc5 40. Nxf4 Rxb2+ 0-1

[Event "Helsingor Xtracon op"]
[Site "Helsingor"]
[Date "2016.07.24"]
[Round "2"]
[White "Calderon, Paul"]
[Black "Fossan, Petter"]
[Result "0-1"]
[WhiteElo "1828"]
[BlackElo "2303"]
[PlyCount "70"]
[EventDate "2016.07.23"]
[EventType "swiss"]
[EventRounds "10"]
[EventCountry "DEN"]
[SourceTitle "CBM 173 Extra"]
[Source "ChessBase"]
[SourceDate "2016.08.29"]
[SourceVersion "1"]
[SourceVersionDate "2016.08.29"]
[SourceQuality "1"]

1. c4 c6 2. g3 d5 3. b3 Nf6 4. Nf3 Bf5 5. Bb2 e6 6. Bg2 h6 7. 0-0 Be7 8. d4 0-0 9. Nbd2 a5 10. Re1 a4 11. c5 b6 12. b4 bxc5 13. bxc5 Nbd7 14. Rc1 Qc7 15. e3 Rfb8 16. Ba1 Rb7 17. Bf1 g5 18. Be2 Kg7 19. Nf1 Ne4 20. Bd3 Bg4 21. N1d2 Nxd2 22. Qxd2 Bxf3 23. e4 Nf6 24. e5 Ne4 25. Qe3 g4 26. h4 Qa5 27. Qf4 Bg5 28. hxg5 hxg5 29. Qe3 Rh8 30. Qxf3 gxf3 31. Bxe4 dxe4 32. Bc3 Qb5 33. Rxe4 Qd3 34. Re3 Qh7 35. Rxf3 Qh1# 0-1

[Event "Helsingor Xtracon op"]
[Site "Helsingor"]
[Date "2016.07.23"]
[Round "1"]
[White "Fossan, Petter"]
[Black "Nielsen, Henrik Wendelbo"]
[Result "1/2-1/2"]
[WhiteElo "2303"]
[BlackElo "1815"]
[PlyCount "252"]
[EventDate "2016.07.23"]
[EventType "swiss"]
[EventRounds "10"]
[EventCountry "DEN"]
[SourceTitle "CBM 173 Extra"]
[Source "ChessBase"]
[SourceDate "2016.08.29"]
[SourceVersion "1"]
[SourceVersionDate "2016.08.29"]
[SourceQuality "1"]

1. e4 c6 2. d4 d5 3. f3 dxe4 4. fxe4 e5 5. Nf3 exd4 6. Bc4 Be6 7. Bxe6 fxe6 8. Qxd4 Nf6 9. Qxd8+ Kxd8 10. Ng5 Ke7 11. e5 Ng4 12. Nf3 Nd7 13. Bf4 h6 14. h3 g5 15. Bd2 Ngxe5 16. Nxe5 Nxe5 17. Bc3 Bg7 18. Nd2 Rhg8 19. 0-0-0 Nd7 20. Bb4+ c5 21. Ba3 b5 22. b3 b4 23. Bb2 Bxb2+ 24. Kxb2 Rgf8 25. Ne4 Rf4 26. Rhe1 Rc8 27. a3 Nf6 28. Nxf6 Rxf6 29. Re2 Rd8 30. Rxd8 Kxd8 31. axb4 cxb4 32. Re4 a5 33. Re5 Rf5 34. Rxe6 h5 35. Kc1 Kd7 36. Re4 Kd6 37. g4 hxg4 38. Rxg4 Ke6 39. Kd2 Kf6 40. h4 gxh4 41. Rxh4 Rc5 42. Re4 Kf5 43. Re8 Kf4 44. Re2 Rd5+ 45. Kc1 Kf3 46. Re1 Rc5 47. Kb2 Kf4 48. Re7 Kf3 49. Kc1 Kf4 50. Rh7 Ke3 51. Rh4 Kf3 52. Rd4 Ke3 53. Rg4 Kf3 54. Rh4 Ke3 55. Kb2 Kf3 56. Rh2 Ke3 57. Kc1 Kd4 58. Kd2 Rg5 59. Rh4+ Kd5 60. Rc4 Rg2+ 61. Kc1 Rg3 62. Kb2 Rg2 63. Rc8 Kd4 64. Kc1 Rh2 65. Rc4+ Kd5 66. Rc8 Kd4 67. Rc6 Kd5 68. Ra6 Kc5 69. Rxa5+ Kb6 70. Re5 Rg2 71. Kd1 Rh2 72. Re2 Rh6 73. Kd2 Rd6+ 74. Ke3 Kc5 75. Kf4 Rd4+ 76. Re4 Rd2 77. Rc4+ Kb5 78. Ke5 Re2+ 79. Kd6 Rd2+ 80. Kc7 Rh2 81. Kd6 Rh6+ 82. Ke5 Rh5+ 83. Kf6 Rh6+ 84. Kg5 Rh2 85. Kg4 Re2 86. Kf3 Rh2 87. Ke3 Rg2 88. Kd3 Rg3+ 89. Kd2 Rg2+ 90. Kc1 Rh2 91. Rg4 Rf2 92. Rg5+ Kb6 93. Re5 Rh2 94. Kd1 Rg2 95. Re2 Rg6 96. Re4 Kb5 97. Ke2 Rg2+ 98. Kd3 Rg5 99. Kd4 Rg2 100. Re5+ Kb6 101. Kd3 Rh2 102. Re2 Rh3+ 103. Re3 Rh2 104. Rg3 Rf2 105. Rg6+ Kb5 106. Rg5+ Kb6 107. Re5 Rh2 108. c4 bxc3 109. Kxc3 Rh3+ 110. Kb4 Rh4+ 111. Ka3 Rh3 112. Ka4 Rh6 113. b4 Rh1 114. Re6+ Kb7 115. Ka5 Rb1 116. Kb5 Rh1 117. Re7+ Kb8 118. Ka5 Rh6 119. b5 Rg6 120. Rh7 Rf6 121. Rh5 Kb7 122. Rh8 Rg6 123. Rh7+ Kb8 124. Rh5 Kb7 125. b6 Rg1 126. Rh7+ Kb8 1/2-1/2

[Event "Politiken Cup 37th"]
[Site "Helsingor"]
[Date "2015.08.02"]
[Round "10"]
[White "Fossan, Petter"]
[Black "Lien, Kjell Hakon"]
[Result "1/2-1/2"]
[WhiteElo "2308"]
[BlackElo "2133"]
[PlyCount "81"]
[EventDate "2015.07.25"]
[EventType "swiss"]
[EventRounds "10"]
[EventCountry "DEN"]
[SourceTitle "CBM 167 Extra"]
[Source "ChessBase"]
[SourceDate "2015.09.14"]
[SourceVersion "1"]
[SourceVersionDate "2015.09.14"]
[SourceQuality "1"]

1. e4 e6 2. d4 d5 3. Nd2 c5 4. exd5 Qxd5 5. Ngf3 cxd4 6. Bc4 Qd7 7. 0-0 Nc6 8. Nb3 Nf6 9. Nbxd4 Nxd4 10. Nxd4 a6 11. Re1 Bc5 12. c3 b5 13. Bb3 Bb7 14. Bg5 Bxd4 15. cxd4 Nd5 16. Qg4 Rc8 17. h4 0-0 18. h5 f5 19. Qg3 Qf7 20. h6 Qg6 21. hxg7 Rf7 22. Bh4 Rxg7 23. Qxg6 Rxg6 24. g3 Kf7 25. Rac1 Rxc1 26. Rxc1 Rg4 27. f4 Rg8 28. Kf2 Rc8 29. Rxc8 Bxc8 30. Ke2 Ke8 31. Kd3 Bb7 32. a4 Kd7 33. axb5 axb5 34. Bd1 h6 35. Bh5 Bc6 36. Bf7 Bb7 37. Kc2 Bc6 38. Kb3 Bb7 39. Bh5 Bc6 40. Be2 Kc7 41. Bh5 1/2-1/2

[Event "Politiken Cup 37th"]
[Site "Helsingor"]
[Date "2015.07.31"]
[Round "8"]
[White "Fossan, Petter"]
[Black "Holm, Ragnar"]
[Result "1/2-1/2"]
[WhiteElo "2308"]
[BlackElo "2124"]
[PlyCount "112"]
[EventDate "2015.07.25"]
[EventType "swiss"]
[EventRounds "10"]
[EventCountry "DEN"]
[SourceTitle "CBM 167 Extra"]
[Source "ChessBase"]
[SourceDate "2015.09.14"]
[SourceVersion "1"]
[SourceVersionDate "2015.09.14"]
[SourceQuality "1"]

1. e4 e6 2. d4 d5 3. Nd2 Nf6 4. e5 Nfd7 5. c3 c5 6. Bd3 Nc6 7. Ne2 cxd4 8. cxd4 f6 9. exf6 Nxf6 10. Nf3 Bd6 11. 0-0 0-0 12. Bf4 Bxf4 13. Nxf4 Ne4 14. Qc1 Qf6 15. Ne2 e5 16. dxe5 Nxe5 17. Bxe4 dxe4 18. Nxe5 Qxe5 19. Qc3 Qxc3 20. Nxc3 Bf5 21. Rad1 Rad8 22. Rxd8 Rxd8 23. Rd1 Rxd1+ 24. Nxd1 Kf7 25. Kf1 Ke6 26. Ke1 Ke5 27. Kd2 Kd4 28. b3 Bg4 29. Ne3 Be6 30. Nc2+ Ke5 31. Kc3 Kd5 32. Kb4 Bd7 33. a4 g6 34. Kc3 h5 35. h4 Be8 36. Ne3+ Ke5 37. a5 Bd7 38. g3 Be8 39. Ng2 Bd7 40. Nf4 Be8 41. Ng2 Bd7 42. Ne3 Be6 43. Nc2 Bf7 44. Nd4 Be8 45. b4 Kd5 46. Ne2 Bf7 47. Nd4 Be8 48. Nc2 Bb5 49. Ne3+ Ke5 50. Ng2 Be8 51. Nf4 Bf7 52. Nh3 Kd5 53. Ng1 Ke5 54. Ne2 Kd5 55. Nd4 Be8 56. Ne2 Bf7 1/2-1/2